| 000 | 00373nam a2200145Ia 4500 | ||
|---|---|---|---|
| 999 |
_c30821 _d30821 |
||
| 003 | OSt | ||
| 005 | 20250703120248.0 | ||
| 008 | 250310s9999||||xx |||||||||||||| ||und|| | ||
| 040 | _c. | ||
| 082 |
_a778.37 _bH4374 |
||
| 100 |
_96087 _aHeath, Rodier |
||
| 245 | 0 |
_aHow to take flash pictures / _cRodier Heath |
|
| 260 |
_aLondon : _bThe fountain press, _c1951. |
||
| 942 |
_cBK _2ddc |
||